Szczegóły MARC21

La configuration dans le récit de fiction /

003 -Nazwa inst., której nr kontr. jest w polu 001 [,]
    • @
    • Nazwa instytucji, której n kontrolny jest w polu 001
    • NUKAT
005 -DATA I CZAS OSTATNIEJ MODYFIKACJI [,]
    • @
    • pole kontrolne
    • 20241231105942.0
020 -Międzynarod. znormalizowany nr książki - ISBN [ , ]
    • a
    • Numer ISBN
    • 2020063727 Find
    • q
    • Dopowiedzenie
    • całość
020 -Międzynarod. znormalizowany nr książki - ISBN [ , ]
    • a
    • Numer ISBN
    • 2020069636 Find
    • q
    • Dopowiedzenie
    • tom 2
040 -Instytucja sporządzająca opis [ , ]
    • a
    • Instytucja, która sporządziła opis (NP)
    • LUBL KUL/IM
    • c
    • Instytucja, która sporządziła rekord (NP)
    • LUBL KUL/IM
    • d
    • Instytucja, która zmodyfikowała rekord (P)
    • LUBL KUL/MC
    • d
    • Instytucja, która zmodyfikowała rekord (P)
    • LUBL u/Mkos
    • d
    • Instytucja, która zmodyfikowała rekord (P)
    • KR 253/JK
    • d
    • Instytucja, która zmodyfikowała rekord (P)
    • TOR U/AP
942 -Rodzaj dokumentu [ , ]
    • c
    • Rodzaj dokumentu
    • Książka
100 -Hasło główne - nazwa osobowa [1, ]
    • a
    • Nazwa osobowa (NP)
    • Ricoeur, Paul
    • d
    • Daty biograficzne (NP)
    • (1913-2005).
    • 9
    • KHW
    • 15271
240 -Tytuł ujednolicony [1,0]
    • a
    • Tytuł ujednolicony
    • Configuration dans le récit de fiction
    • l
    • Język tekstu
    • (fr.)
    • 9
    • KHW
    • 591800
245 -Strefa tytułu i oznaczenia odpowiedzialności [1,3]
    • a
    • Tytuł
    • La configuration dans le récit de fiction / Find
    • c
    • Pozostałe elementy strefy tytułu i oznaczenia odpowiedzialności (NP)
    • Paul Ricoeur.
260 -Strefa adresu wydawniczego [ , ]
    • a
    • Miejsce wydania (P)
    • Paris :
    • b
    • Nazwa wydawcy (P)
    • Éditions du Seuil,
    • c
    • Data wydania (P)
    • 1984.
300 -Strefa opisu fizycznego [ , ]
    • a
    • Określenie formy książki i/lub objętość (NP)
    • 233, [4] s. ;
    • c
    • Format (NP)
    • 21 cm.
336 -Typ zawartości [ , ]
    • a
    • Termin opisujący typ zawartości
    • Tekst
    • b
    • Kod określający zawartość
    • txt
    • 2
    • Źródło (terminu i kodu)
    • rdacontent
337 -Typ mediów [ , ]
    • a
    • Tryb odtwarzania
    • Bez urządzenia pośredniczącego
    • b
    • Kod typu mediów
    • n
    • 2
    • Źródło (terminu i kodu)
    • rdamedia
338 -Typ/rodzaj nośnika [ , ]
    • a
    • Hasło opisujące typ nośnika
    • Wolumin
    • b
    • Kod typu nośnika
    • nc
    • 2
    • Źródło (terminu i kodu)
    • rdacarrier
490 -Strefa serii i książki wielotomowej - forma nie do wyszukiwania [1, ]
    • a
    • Tytuł (P)
    • Temps et récit / Paul Ricoeur ; Find
    • v
    • Numeracja (P)
    • 2
490 -Strefa serii i książki wielotomowej - forma nie do wyszukiwania [1, ]
    • a
    • Tytuł (P)
    • L'Ordre Philosophique Find
830 -Hasło dodatkowe serii i opisu książki wielotomowej - tytuł ujednolicony/tytuł [ ,2]
    • a
    • Tytuł ujednolicony/tytuł (NP)
    • L'Ordre Philosophique
    • x
    • ISSN
    • 0768-102X
    • 9
    • KHW
    • 591799
080 -Uniwersalna Klasyfikacja Dziesiętna [ , ]
    • a
    • Symbol klasyfikacji
    • 82.07=40
080 -Uniwersalna Klasyfikacja Dziesiętna [ , ]
    • a
    • Symbol klasyfikacji
    • :167/168=40
080 -Uniwersalna Klasyfikacja Dziesiętna [ , ]
    • a
    • Symbol klasyfikacji
    • :113/119=40
650 -Hasło przedmiotowe [ ,7]
    • a
    • Hasło przedmiotowe
    • Czas (filozofia).
    • 2
    • Źródło terminu
    • kaba
    • 9
    • KHW
    • 105410
650 -Hasło przedmiotowe [ ,7]
    • a
    • Hasło przedmiotowe
    • Narracja.
    • 2
    • Źródło terminu
    • kaba
    • 9
    • KHW
    • 120571
650 -Hasło przedmiotowe [ ,7]
    • a
    • Hasło przedmiotowe
    • Teoria fikcji.
    • 2
    • Źródło terminu
    • kaba
    • 9
    • KHW
    • 154461
980 -Symbol UKD [ , ]
    • a
    • UKD
    • 82.07=40:167/168=40:113/119=40
710 -Hasło dodatkowe - nazwa ciała zbiorowego [2, ]
    • a
    • Nazwa ciała zbiorowego lub nazwa geograficzna jako pierwszy element (NP)
    • Éditions du Seuil.
    • 4
    • Kod relacji
    • pbl
    • 9
    • KHW
    • 55802
800 -Hasło dodatkowe opisu książki wielotomowej - nazwa osobowa [1, ]
    • a
    • Nazwa osobowa (NP)
    • Ricoeur, Paul
    • d
    • Daty biograficzne (NP)
    • (1913-2005).
    • t
    • Tytuł ujednolicony/tytuł (NP)
    • Temps et récit
    • l
    • Język tekstu (NP)
    • (fr.)
    • v
    • Oznaczenie tomu (NP)
    • 2
    • 9
    • KHW
    • 591797
920 -ISBN [ , ]
    • a
    • ISBN
    • 2-02-006372-7 Find
    • q
    • Dopowiedzenie
    • całość
920 -ISBN [ , ]
    • a
    • ISBN
    • 2-02-006963-6 Find
    • q
    • Dopowiedzenie
    • tom 2
Numer inwentarzowy Lokalizacja Status udost. Sygnatura Data inwentaryzacji
A.7129BM1FR. Filozofia 152003-11-17